000
00211nam a22000857a 4500
008
170302b xxu||||| |||| 00| 0 eng d
100
_9
3013
_a
CHATTERJEE.C.C
245
_a
Human Physiology
260
_a
Kol Kal
_b
AC
_c
2012
999
_c
6256
_d
6256